Normal view
MARC view
- الفنون المعاصرة-الطابع القومي لفنوننا المعاصرة
Entry Topical Term
001 - CONTROL NUMBER
- control field: 24318
003 - CONTROL NUMBER IDENTIFIER
- control field: JO-AjAnu
005 - DATE AND TIME OF LATEST TRANSACTION
- control field: 20230606074153.0
008 - FIXED-LENGTH DATA ELEMENTS
- fixed length control field: 230606|| aca||aabn | a|a d
040 ## - CATALOGING SOURCE
- Original cataloging agency: JO-AjAnu
- Transcribing agency: JO-AjAnu
150 ## - HEADING--TOPICAL TERM
- Topical term or geographic name entry element: الفنون المعاصرة-الطابع القومي لفنوننا المعاصرة
670 ## - SOURCE DATA FOUND
- Source citation: Work cat.: (JO-AjAnu)12503: لجنة الفنون التشكيلية بالمجلس الأعلى لرعاية الفنون والآداب والعلوم الاجتماعية تأليف, author 24317, الطابع القومي لفنوننا المعاصرة:دراسات وبحوث